ბათუმის შოთა რუსთაველის სახელმწიფო უნივერსიტეტის ბიბლიოთეკა

Если душа радилась крылатой (ბიბ.ჩანაწერი № 45396)

000 -LEADER
fixed length control field 00704nam a2200253Ia 4500
001 - CONTROL NUMBER
control field 12220
003 - CONTROL NUMBER IDENTIFIER
control field GE_BSU
008 - FIXED-LENGTH DATA ELEMENTS--GENERAL INFORMATION
fixed length control field 181216s||||||||xx |||||||||||||| ||und||
020 ## - INTERNATIONAL STANDARD BOOK NUMBER
International Standard Book Number 9785445300977
040 ## - CATALOGING SOURCE
Transcribing agency GE_BSU
080 ## - UNIVERSAL DECIMAL CLASSIFICATION NUMBER
Universal Decimal Classification number 821.161.1-1
100 ## - MAIN ENTRY--PERSONAL NAME
Personal name Цветаева,М.
245 ## - TITLE STATEMENT
Title Если душа радилась крылатой
245 ## - TITLE STATEMENT
Remainder of title Стихотворения.
245 ## - TITLE STATEMENT
Statement of responsibility, etc. Отв.ред. Антонина Балакина
260 ## - PUBLICATION, DISTRIBUTION, ETC.
Place of publication, distribution, etc. СПБ
260 ## - PUBLICATION, DISTRIBUTION, ETC.
Name of publisher, distributor, etc. Лениздат
260 ## - PUBLICATION, DISTRIBUTION, ETC.
Date of publication, distribution, etc. 2013
300 ## - PHYSICAL DESCRIPTION
Extent 352стр.18см.
653 ## - INDEX TERM--UNCONTROLLED
Uncontrolled term Если душа радилась крылатой
653 ## - INDEX TERM--UNCONTROLLED
Uncontrolled term Стихотворения.
942 ## - ADDED ENTRY ELEMENTS (KOHA)
Koha item type წიგნი
ეგზემპლარები
Withdrawn status Lost status Damaged status Not for loan Date acquired Barcode Date last seen Price effective from Koha item type
        2018-12-17 36093 2018-12-17 2018-12-17 წიგნი
        2018-12-17 36094 2018-12-17 2018-12-17 წიგნი